Podania pri správe daní a spoplatnenie vybraných druhov podaní
Problematika podaní v súvislosti so správou daní je upravená v zákone č. 563/2009 Z. z. o správe daní (daňový poriadok) a o zmene a doplnení niektorých zákonov v z. n. p. . Daňový poriadok neupravuje osobitne definíciu „podania“. Inštitút podania úzko súvisí s právom a povinnosťami daňového subjektu...
Gespeichert in:
| 1. Verfasser: | |
|---|---|
| Format: | Buchkapitel |
| Sprache: | Slowakisch |
| Schlagworte: | |
| Tags: |
Keine Tags, Fügen Sie das erste Tag hinzu!
|
MARC
| LEADER | 00000naa a2200000 4500 | ||
|---|---|---|---|
| 001 | 0247852 | ||
| 005 | 20180921142920.3 | ||
| 041 | 0 | |a slo | |
| 044 | |a SK | ||
| 245 | 1 | 0 | |a Podania pri správe daní a spoplatnenie vybraných druhov podaní |c Klára Klabníková |
| 520 | |a Problematika podaní v súvislosti so správou daní je upravená v zákone č. 563/2009 Z. z. o správe daní (daňový poriadok) a o zmene a doplnení niektorých zákonov v z. n. p. . Daňový poriadok neupravuje osobitne definíciu „podania“. Inštitút podania úzko súvisí s právom a povinnosťami daňového subjektu pri správe daní. | ||
| 610 | 2 | 0 | |a dane |
| 610 | 2 | 0 | |a poriadok daňový |
| 610 | 2 | 0 | |a konanie daňové |
| 610 | 2 | 0 | |a správa daňová |
| 610 | 2 | 0 | |a poplatky správne |
| 100 | 1 | |a Klabníková, Klára | |